000 00867nam a22003017a 4500
003 CHAP
005 20220329134920.0
008 971013s1941 r 00010 d
010 _a27998
011 _a28970
035 _a33081
040 _cCHAP
082 _a581.5
_bM23 1941
100 0 0 _aMcDougall, W. B.
_973492
245 _aPlant ecology
250 _a3 ed.
260 _aPhiladelphia :
_bLea & Febiger,
_c1941
300 _a285 p.
_b: ilus
590 _aBATCH-UPD
_b10
_c20130109
_lUCH01
_h2313
590 _aBATCH-UPD
_b10
_c20130110
_lUCH01
_h2000
590 _aBATCH-UPD
_b10
_c20130410
_lUCH01
_h1320
590 _aBATCH-UPD
_b10
_c20130914
_lUCH01
_h1250
590 _aCONVERSION
_b10
_c20130109
_lUCH01
_h1316
650 1 4 _aEcologĂ­a vegetal.
_935188
901 _aBK
942 _cLIBRO
949 _a581.5 M23 1941
_bBC
_cBPA
_d-76925
_eBPA
_h9485
_i33081
_si
999 _c27998
_d27998